000 00468nam a22001457a 4500
999 _c533673
_d533673
008 260610b ||||| |||| 00| 0 eng d
100 _aSaghar, Amol
_961157
245 _aSong of India: A study of the national anthem
260 _aThe Book Review
300 _a49(11), Nov, 2025: p.30.-31
520 _aRudrangshu Mukherjee Aleph Books company, 2025, 86pp. Rs.399.00. – Reproduced
773 _aThe Book Review
906 _aBOOK REVIEW
942 _cAR